Die sechs nächstgelegenen Länder - Mongolei - Statistiken

Allgemein
  • Dieses Quiz wurde 108 mal gespielt
  • Das Durchschnittsergebnis liegt bei 4 aus 6
Antwortstatistiken
km Land % Korrekt
0 China
99%
0 Russland
97%
39 Kasachstan
73%
770 Nordkorea
64%
1102 Südkorea
54%
920 Kirgisistan
34%
Keine übereinstimmenden Quizze gefunden
Verteilung der Resultate
Anzahl Personen mit jedem Resultat
Perzentil nach korrekt beantworteten Fragen
Ihre Resultats-Entwicklung
Sie haben dieses Quiz noch nicht gespielt